Make way for ducklings, (Record no. 3011)
[ view plain ]
| 000 -LEADER | |
|---|---|
| fixed length control field | 00870cam a22002651u 4500 |
| 005 - DATE AND TIME OF LATEST TRANSACTION | |
| control field | 20251028093012.0 |
| 020 ## - INTERNATIONAL STANDARD BOOK NUMBER | |
| International Standard Book Number | 9780590339490 |
| 040 ## - CATALOGING SOURCE | |
| Original cataloging agency | DLC |
| Language of cataloging | eng |
| Transcribing agency | DLC |
| Modifying agency | DLC |
| 050 00 - LIBRARY OF CONGRESS CALL NUMBER | |
| Classification number | PZ7.M1336 |
| 082 00 - DEWEY DECIMAL CLASSIFICATION NUMBER | |
| Classification number | 823 |
| 100 1# - MAIN ENTRY--PERSONAL NAME | |
| Personal name | McCloskey, Robert |
| Dates associated with a name | 1914-2003. |
| 245 10 - TITLE STATEMENT | |
| Title | Make way for ducklings, |
| Statement of responsibility, etc. | by Robert McCloskey. |
| 260 ## - PUBLICATION, DISTRIBUTION, ETC. | |
| Place of publication, distribution, etc. | New York : |
| Name of publisher, distributor, etc. | Scholastic , |
| Date of publication, distribution, etc. | 1941 |
| 300 ## - PHYSICAL DESCRIPTION | |
| Extent | 62 unnumbered pages : |
| Other physical details | color illustrations ; |
| Dimensions | 24 cm . |
| 500 ## - GENERAL NOTE | |
| General note | Illustrated lining-papers. |
| 500 ## - GENERAL NOTE | |
| General note | "First published August 1941." |
| 505 ## - FORMATTED CONTENTS NOTE | |
| Formatted contents note | R <br/> |
| 520 ## - SUMMARY, ETC. | |
| Summary, etc. | Mr. and Mrs. Mallard proudly return to their home in the Boston Public Garden with their eight offspring. |
| 521 ## - TARGET AUDIENCE NOTE | |
| Target audience note | 710 <br/> |
| Source | Lexile <br/> |
| 521 ## - TARGET AUDIENCE NOTE | |
| Target audience note | R <br/> |
| Source | Raz-Plus <br/> |
| 650 #0 - SUBJECT ADDED ENTRY--TOPICAL TERM | |
| Topical term or geographic name entry element | ducklings |
| Form subdivision | children literature |
| 906 ## - LOCAL DATA ELEMENT F, LDF (RLIN) | |
| a | 7 |
| b | cbc |
| c | orignew |
| d | u |
| e | ocip |
| f | 19 |
| g | y-gencatlg |
| 942 ## - ADDED ENTRY ELEMENTS (KOHA) | |
| Source of classification or shelving scheme | Dewey Decimal Classification |
| Koha item type | Books |
| Suppress in OPAC | No |
| 999 ## - | |
| -- | 3011 |
| -- | 3011 |
| Withdrawn status | Lost status | Source of classification or shelving scheme | Damaged status | Not for loan | Collection | Home library | Current library | Shelving location | Date acquired | Total Checkouts | Full call number | Barcode | Date last seen | Copy number | Price effective from | Koha item type |
|---|---|---|---|---|---|---|---|---|---|---|---|---|---|---|---|---|
| Dewey Decimal Classification | Juvenile Fiction | Footprints International School Library Network Toul Kork Campus | Footprints International School Library Network Toul Kork Campus | TK Primary Library Room(4th Floor), Bookcase 5&6, Shelves 33-56, Orange Books | 10/22/2024 | MCC 823 PZ7.M1336 | 2024-2185 | 10/22/2024 | 2 | 10/22/2024 | Books | |||||
| Dewey Decimal Classification | Juvenile Fiction | Footprints International School Library Network Toul Tom Poung Campus | Footprints International School Library Network Toul Tom Poung Campus | 01/30/2024 | MCC 823 PZ7.M1336 | FISBK02426 | 01/30/2024 | 1 | 01/30/2024 | Books |
